[Event "York ChessMates 12th"]
[Site "York"]
[Date "2025.03.22"]
[Round "4.23"]
[White "Woods, Christopher"]
[Black "Brion Lacherest, Nathan"]
[Result "1/2-1/2"]
[WhiteElo "1972"]
[BlackElo "2037"]
[PlyCount "35"]
[EventDate "2025.03.21"]
[EventType "team-swiss"]
[EventRounds "5"]
[EventCountry "ENG"]
[SourceTitle "CB13_2025"]
[SourceDate "2025.03.26"]
[SourceVersion "1"]
[SourceVersionDate "2025.03.26"]
[SourceQuality "1"]
[WhiteTeam "Ireland"]
[BlackTeam "Monaco"]
[WhiteTeamCountry "IRL"]
[BlackTeamCountry "MNC"]

1. e4 e5 2. Nc3 Nf6 3. Bc4 Nxe4 4. Qh5 Nd6 5. Qxe5+ Qe7 6. Qxe7+ Bxe7 7. Be2 Nc6 8. Nf3 b6 9. Nd5 Bd8 10. d4 Ne7 11. Nxe7 Bxe7 12. Bf4 Bb7 13. 0-0-0 0-0-0 14. Rhe1 Ne4 15. Ba6 Bxa6 16. Rxe4 Bf6 17. Be5 Rde8 18. Ree1 1/2-1/2

[Event "Enniscrone Sligo op-A"]
[Site "Enniscrone"]
[Date "2025.02.02"]
[Round "5"]
[White "Woods, Christopher"]
[Black "Marchlewicz, Kamil"]
[Result "1/2-1/2"]
[WhiteElo "1903"]
[BlackElo "2048"]
[PlyCount "62"]
[EventDate "2025.01.31"]
[EventType "swiss"]
[EventRounds "5"]
[EventCountry "IRL"]
[SourceTitle "CB06_2025"]
[SourceDate "2025.02.05"]
[SourceVersion "1"]
[SourceVersionDate "2025.02.05"]
[SourceQuality "1"]

1. e4 c5 2. Nc3 Nc6 3. Bb5 d6 4. Bxc6+ bxc6 5. d3 Nf6 6. f4 Bg4 7. Nf3 e6 8. h3 Bxf3 9. Qxf3 d5 10. 0-0 Be7 11. b3 0-0 12. Kh1 Rb8 13. Rd1 Nd7 14. Bb2 Bf6 15. Na4 Bxb2 16. Nxb2 f5 17. e5 Qh4 18. Kh2 g5 19. g3 Qh6 20. Rg1 g4 21. Qf1 Qg7 22. h4 h5 23. Qf2 Qe7 24. Na4 Rb5 25. c4 Rb4 26. Rab1 Rfb8 27. Rgc1 d4 28. Qc2 Qd8 29. Rb2 Qa5 30. Rcb1 R4b7 31. Qd2 Qxd2+ 1/2-1/2